Caligrafía 2. Ciclo inicial. 2º E.G.B.

Guardado en:
Detalles Bibliográficos
Autor principal: Equipo Pedagógico Bruño
Formato: Desconocido
Lenguaje:español
Publicado: Madrid Bruño 1988
Catálogo:MANES:  Resultados de Búsqueda del Catálogo
Clasificación de libros de texto:
Etiquetas: Agregar Etiqueta
Sin Etiquetas, Sea el primero en etiquetar este registro!
Añadido a:2016-04-26

MARC

LEADER 000000000a22000000004500
001 01805
003 OSt
008 160427s sp ||||| |||| 00| 0 spa d
040 |c centro_manes 
041 1 |a spa 
691 7 |a PRI 
100 1 |a Equipo Pedagógico Bruño  |9 229 
245 0 0 |a Caligrafía 2. Ciclo inicial. 2º E.G.B. 
260 3 |a Madrid  |b Bruño  |c 1988 
300 |a 31 p.  |c 27x19 cm 
500 |a Fecha de publicación tomada del Depósito Legal 
690 0 |a EyL 
942 |2 ddc  |c BK 
546 |a España 
999 |c 7779  |d 7779 
999 |c manes:7779  |d 7779